[Event "Pardubice"]
[Site "Pardubice"]
[Date "1994.??.??"]
[Round "9"]
[White "Khalifman, Alexander"]
[Black "Shirov, Alexei"]
[Result "1-0"]
[WhiteElo "2645"]
[BlackElo "2740"]
[Annotator "Ftacnik,L"]
[PlyCount "57"]
[EventDate "1994.07.??"]
[EventType "tourn"]
[EventRounds "9"]
[EventCountry "CZE"]
[EventCategory "15"]
[SourceTitle "CBM 042"]
[Source "ChessBase"]
[SourceDate "1994.10.01"]
[SourceVersion "1"]
[SourceVersionDate "1994.10.01"]
[SourceQuality "1"]

1. d4 d5 2. c4 c6 3. Nf3 Nf6 4. Nc3 e6 5. Bg5 dxc4 6. e4 b5 7. e5 h6 8. Bh4 g5
9. Nxg5 hxg5 10. Bxg5 Nbd7 11. g3 Rg8 12. h4 Rxg5 13. hxg5 Nd5 14. g6 fxg6 15.
Qg4 Qe7 (15... Qa5 $2 16. Qxe6+ Kd8 17. Bg2 $3 Nxc3 18. Kf1 $1 Nd5 19. Qxc6
N5b6 20. Rh8 Qb4 21. e6 Rb8 22. exd7 Nxd7 23. a3 $1 Qe7 24. Qxg6 $1 Rb6 25. Qh5
$16 {Knaak,R-Van der Wiel,J/Lugano/1989/1-0 (33)}) 16. Rh8 (16. Qxg6+ Qf7 17.
Qxf7+ Kxf7 18. O-O-O (18. Ne4 $5 Bb4+ 19. Ke2 c3 $1 20. bxc3 Nxc3+ 21. Nxc3
Bxc3 22. Rd1 b4 $1 23. Bg2 Ba6+ 24. Ke3 Rg8 $1 25. Bxc6 $13 {Lobron,E-Shirov,A/
Deutschland/1993/0-1 (41)}) (18. Bg2 N7b6 (18... Nxc3 19. bxc3 Rb8 20. f4 (20.
Bxc6 Bb7 21. Rh7+ Kg6 22. Rxd7 Bxc6 23. Rxa7 Bf3 24. Kd2 Bh6+ 25. Kc2 {Shirov,
A-Stisis,Y/London Lloyds (01)/1991/1-0 (43)}) 20... b4 21. Kd2 a5 22. Bxc6 Nb6
23. g4 Bb7 24. Bxb7 Rxb7 25. Rh7+ $13 {Bareev,E-San Segundo,P/Madrid (04)/1994/
0.5 (46)}) (18... Bb4 19. Kd2 Nf8 20. f4 (20. Raf1 Bb7 21. Bxd5 exd5 22. Kc1
Bc8 23. f4 Bf5 24. g4 Bd3 25. Rf2 $13 {Schmidt,Wl-Urban,K/Gdansk ch-PL (09)/
1994/0.5 (74)}) 20... Bd7 21. Raf1 Rd8 22. Bxd5 cxd5 23. g4 Ba5 24. f5 Kg7 25.
Rh5 $10 {Piesina,G-Khenkin,I/Pardubice op (2)/1993/0.5 (28)}) (18... Bg7 19.
Ne4 Nf8 20. Kd2 Bd7 21. f4 a5 22. Raf1 a4 23. a3 Rb8 24. Nd6+ Kg8 25. Be4 $36 {
Szabo,Zs-Horvath,P/HUN-chT1 9394/1994/1-0 (40)}) 19. Ne4 Bd7 20. Ke2 Bg7 21.
Nd6+ Kg8 22. Rh5 Na4 23. Rg5 Nxb2 24. Bxd5 cxd5 25. Rh1 $40 {Yusupov,A-Chekhov,
V/USSR ch/1980/1-0 (34)}) 18... Nxc3 19. bxc3 Nb6 20. Re1 Bd7 21. Be2 Bg7 22.
Bh5+ Ke7 23. Bg6 Be8 24. Be4 Rc8 25. f4 $13 {Knaak,R-Hertneck,G/Potsdam
DDR-FRG/1988/1-0 (35)}) (16. Bg2 $5 Qf7 $1 17. Be4 Ne7 18. O-O-O $6 (18. Nxb5
cxb5 19. Bxa8 Nb6 20. Be4 Bd7 21. Rh8 Bc6 22. f3 Nbd5 23. Kf2 Nb4 24. a3 Nd3+
25. Bxd3 $13 {Shirov,A-Morovic,I/Las Palmas (09)/1994/1-0 (40)}) 18... Ba6 $1
19. Ne2 Bg7 $1 20. Nf4 Nf8 $15 {Beliavsky,A-Kramnik,V/Linares/1993/0-1 (59)})
16... Nxc3 17. bxc3 Qa3 $1 $146 (17... Qf7 $132 18. Bg2 Bb7 19. Be4 O-O-O 20.
Bxg6 Qe7 21. a4 $1 a6 $8 22. Rh7 Bg7 23. Be4 Rg8 24. Qf3 $5 Kc7 25. axb5 $13 {
Kamsky,G-Serper,G/Groningen/1993/0.5 (44)}) 18. Qxg6+ (18. Qxe6+ Kd8 19. Rd1
Qxc3+ 20. Ke2 (20. Rd2 Qb4 21. Qxc6 c3 22. Rd3 c2+ 23. Ke2 Qb2 24. Rxf8+ Nxf8
25. Qf6+ Ke8 26. Qc6+ Bd7 (26... Kf7 27. Rf3+ Bf5 28. Rxf5+ gxf5 29. Qf6+ Kg8
30. Qg5+ Kh7 31. Qxf5+ Ng6 32. Qh3+ Kg7 33. Qd7+ Kf8 34. Qf5+ $10) 27. Qxa8+
Ke7 $19) 20... Qc2+ (20... Qb2+ 21. Rd2 Qb4 22. Qxc6 Rb8 $132) 21. Ke1 (21. Rd2
Qe4+ 22. Kd1 Qb1+ 23. Ke2 c3 24. Qd6 Qe4+ 25. Kd1 Qf5 26. Rc2 $13) 21... Kc7
22. Rxf8 $140 Nxf8 23. Qd6+ Kb6 24. Qc5+ Kb7 25. Bg2 Qc3+ 26. Kf1 Bd7 27. Qxb5+
Kc7 $13) 18... Kd8 19. Rd1 (19. Qc2 Nb6 (19... Kc7 20. Qc1 Qe7 21. Bg2 Qg7 22.
Rh5 Bb7 $13) 20. Bg2 Bd7 21. Qc1) 19... Qxc3+ 20. Ke2 (20. Rd2 Kc7 21. Ke2 Bb4
22. Rd1 Qb2+ 23. Ke3 c5 $17) 20... Qb2+ 21. Rd2 (21. Kf3 Kc7 22. Qxe6 $140 c3
23. Qb3 c2 $1) 21... Qb4 (21... Qa3 22. Qxe6 c3 23. Rc2 $13) 22. Qxe6 c3 23. a3
(23. Rd3 c2 24. Qh6 Kc7 25. Qd2 (25. Qc1 Qb1 26. Kd2 Bb4+ $19) 25... Qc4 26.
Qc1 Ba3) (23. Rc2 Qxd4 24. Bg2 Bb7 $15 (24... b4 $6 25. Rxf8+ Nxf8 26. Qf6+))
23... Qxa3 $6 (23... Qb1 24. Qd6 Qf5 25. Rd3 $40 (25. Bh3 Qe4+ $10)) 24. Rc2 (
24. Qxc6 $4 cxd2 25. Qxa8 Qc1 $19) 24... Kc7 (24... Bb7 25. Bh3) 25. Rh7 $1 (
25. Bg2 Bb7 26. Rh7 Rd8 27. Bh3 Bc8 28. Ra2 Qc1 (28... c2 $2 29. Rxc2 $16) 29.
Rxd7+ Rxd7 30. Rxa7+ Kb6 31. Rxd7 c2 $19) 25... b4 (25... Kb6 26. Bg2 Nxe5 27.
Qxe5 Bg4+ 28. Kd3 Qd6 $16) 26. Ra2 $1 b3 (26... c2 27. Rxc2 Qa6+ 28. Kd2 Qxf1
29. Qxc6+ Kd8 30. Qc7+ Ke8 31. Qxc8+ Rxc8 32. Rxc8#) (26... Qc1 27. Bg2 Ba6+
28. Rxa6 Qd2+ 29. Kf3 Qd3+ (29... Qd1+ 30. Kf4 Bh6+ 31. Rxh6 Qd2+ 32. Kg4 Qe2+
33. Kh3 Qxa6 34. Qd6+ $18) 30. Kg4 Qxh7 31. Qxc6+ Kd8 32. Qxa8+ $18) 27. Rxa3
c2 28. Ra4 $1 (28. Kd2 Bxa3 $17) (28. Bh3 Bxa3 29. Qxb3 c1=Q $17) 28... c1=Q
29. Rc4 (29. Rc4 Qb2+ 30. Ke3 c5 (30... Kd8 31. Qxc6 $18) 31. Bg2 Rb8 32. Bc6
Rb6 33. Rxd7+ Kb8 34. Rd8 cxd4+ 35. Kf3 $18) 1-0

[Event "USA-ch"]
[Site "Long Beach"]
[Date "1993.??.??"]
[Round "2"]
[White "Yermolinsky, Alex"]
[Black "Kaidanov, Gregory S"]
[Result "1-0"]
[WhiteElo "2605"]
[BlackElo "2640"]
[Annotator "Ftacnik,L"]
[PlyCount "115"]
[EventDate "1993.12.??"]
[EventType "tourn"]
[EventRounds "11"]
[EventCountry "USA"]
[EventCategory "14"]
[SourceTitle "CBM 039"]
[Source "ChessBase"]
[SourceDate "1994.04.01"]
[SourceVersion "1"]
[SourceVersionDate "1994.04.01"]
[SourceQuality "1"]

1. d4 d5 2. c4 e6 3. Nf3 Nf6 4. Nc3 c6 5. Bg5 dxc4 6. e4 b5 7. e5 h6 8. Bh4 g5
9. Nxg5 hxg5 10. Bxg5 Nbd7 11. exf6 Bb7 12. g3 Qb6 13. Bg2 O-O-O 14. O-O Ne5
15. dxe5 Rxd1 16. Raxd1 b4 17. Ne4 Qa5 18. Bf4 c3 (18... Qxa2 19. Rd2 Qa5) 19.
bxc3 Ba6 (19... bxc3 20. Rc1 Bb4) 20. cxb4 $5 (20. Rfe1 bxc3 21. Rc1 $14) 20...
Bxb4 21. a3 $1 Bxa3 (21... Qxa3 22. Ra1 Qd3 23. Rfd1 Qe2 (23... Qb5 24. Bf1)
24. Bf1 Qxe4 25. Bxa6+ Kc7 26. Bd3 Qf3 (26... Qd4 27. Be3 Qc3 28. Rxa7+ $40)
27. Rxa7+ Kb6 28. Be3+ c5 29. Rda1 $18) (21... Bxf1 22. axb4 Qxb4 23. Nd6+ Kc7
24. Bxf1 $18) 22. Rfe1 (22. Ra1 Bxf1 23. Bxf1 Rd8 $1 (23... Qb4 $2 24. Nd6+ Kc7
25. Nc4 Bb2 26. Rb1 $18) 24. Bc1 (24. Nd6+ Rxd6 $1) 24... Qb4) 22... Bd3 23.
Nd6+ (23. Ra1 $5 $16) (23. Ng5) 23... Bxd6 24. exd6 Kd7 (24... Bb5 25. d7+ Kd8
26. Bd6 $18) 25. Re5 (25. Ra1 Qb6 26. Be3 c5 27. Rec1 Rc8 28. Ra3 Bb5 29. Rac3
$16) 25... Bb5 26. Rc1 Qa4 27. Rec5 a6 28. Be5 (28. Bxc6+ $2 Bxc6 29. Rxc6 Qxc6
30. Rxc6 Kxc6 $19) 28... Rh5 29. f4 Qa3 30. R5c3 Qb4 31. h4 (31. Bxc6+ Bxc6 32.
Rxc6 Rxe5 $1 33. fxe5 Qd4+ 34. Kf1 Qd3+ 35. Kf2 Qd4+ 36. Kf3 Qd3+ $10) 31...
Rxe5 (31... Qa4 32. Kh2 $1 Rh8 33. Kh3 Rh7 34. g4 Rh8 35. h5 Rh7 36. Kh4 Rh8
37. Rxc6 $1 Bxc6 38. Bxc6+ Qxc6 39. Rxc6 Kxc6 40. g5 a5 41. Kg4 Rg8 (41... a4
42. g6 $18) 42. g6 $1 fxg6 43. h6 $18) 32. fxe5 Qd4+ 33. Kh2 Qxe5 34. Bxc6+
Bxc6 35. Rxc6 Qxf6 36. R6c2 Kxd6 37. Ra2 Ke7 38. Rc6 Qf1 39. Rcxa6 Kf8 40. Rb6
Kg7 41. Rbb2 Kg6 42. Rf2 Qe1 43. Rae2 Qd1 (43... Qa1 44. Re4 $1) 44. Re5 Kg7
45. Rg5+ Kf8 46. Rg6 $1 e5 (46... Qd7 47. Rgf6 $18) 47. Rgf6 e4 48. Rxf7+ Kg8
49. Re7 Qd3 50. Rf4 e3 51. Rfe4 Qc2+ 52. Kh3 Qc8+ 53. g4 Qc1 54. Rxe3 Qh1+ 55.
Kg3 Qg1+ 56. Kf4 Qf2+ 57. Kg5 Qd2 58. Kg6 (58. Kg6 Qd6+ 59. R7e6 $18) 1-0

[Event "Olympiad-33"]
[Site "Elista"]
[Date "1998.10.07"]
[Round "9.3"]
[White "Zagorskis, Darius"]
[Black "Vera Gonzalez Quevedo, Reynaldo"]
[Result "0-1"]
[WhiteElo "2510"]
[BlackElo "2530"]
[Annotator "Ftacnik,L"]
[PlyCount "90"]
[EventDate "1998.09.29"]
[EventType "team-swiss"]
[EventRounds "13"]
[EventCountry "RUS"]
[SourceTitle "CBM 068"]
[Source "ChessBase"]
[SourceDate "1999.02.01"]
[SourceVersion "1"]
[SourceVersionDate "1999.02.01"]
[SourceQuality "1"]
[WhiteTeam "Lithuania"]
[BlackTeam "Cuba"]
[WhiteTeamCountry "LTU"]
[BlackTeamCountry "CUB"]

1. c4 e6 2. Nf3 d5 3. d4 Nf6 4. Nc3 c6 5. Bg5 dxc4 6. e4 b5 7. e5 h6 8. Bh4 g5
9. Nxg5 Nd5 10. Nxf7 Qxh4 11. Nxh8 Bb4 12. Rc1 (12. Qd2 c5 13. O-O-O $5 Nc6 14.
dxc5 Nxe5 15. f4 Bxc3 16. bxc3 Qxf4 17. Qxf4 Nxf4 18. g3 Nfd3+ 19. Bxd3 Nxd3+
20. Rxd3 cxd3 21. Re1 {Brinck Claussen-Mikhalchishin/Copenhagen/1979/}) 12...
c5 (12... Qe4+ 13. Be2 Nf4 14. a3 Nxg2+ 15. Kf1 Ne3+ 16. fxe3 Qxh1+ 17. Kf2
Qxh2+ 18. Ke1 Be7 $6 (18... Bxc3+ 19. bxc3 a5 20. Kd2 b4 21. axb4 axb4 22. cxb4
c3+ 23. Rxc3 Ra2+ 24. Rc2 Rxc2+ 25. Qxc2 Ba6) 19. Kd2 c5 $6 20. Nxb5 cxd4 21.
Rxc4 Na6 22. Rxd4 $18 {Timman,J-Ljubojevic,L/Buenos Aires/1980/1-0 (26)}) 13.
dxc5 Nd7 (13... Bxc3+ $6 14. bxc3 Qg5 15. Be2 Bb7 (15... Qxg2 $5 16. Bh5+ Kf8
17. Ng6+ Kg7 18. Rf1 Bb7 19. Qc2 $14) 16. O-O (16. Bh5+ $5 Kf8 17. Nf7 Qxg2 18.
Bf3 Qg7 19. Nd8 $1) 16... Nf4 (16... Nd7 17. Bh5+ Kf8 18. Ng6+ $18 {/\ f4}) (
16... Ne3 17. Bh5+ Kf8 18. fxe3+) (16... Nxc3 17. Bh5+ Kf8 18. Qd6+ Kg8 19.
Qxe6+ Kxh8 20. Qe8+ Qg8 21. Qxg8+ Kxg8 22. Rxc3 $18) 17. Bf3 Nc6 18. h4 $1 Qxh4
19. g3 Qg5 20. Nf7 $1 (20. Qd6 $5) 20... Kxf7 21. Qd7+ Ne7 (21... Qe7 22. Qxe7+
Kxe7 23. gxf4 Rg8+ 24. Kh2 $18) 22. Qxb7 Rg8 23. Rce1 h5 (23... Nd3 24. Re3
Nxe5 25. Bg2 $18) 24. Bg2 {/\ 25.Qf3} Nxg2 25. Kxg2 {1-0 Nikolic,P-Timman,J/
Hoogovens 1997 (29)}) (13... Qg5 14. Be2 Bb7 15. O-O (15. Bf3 Nd7 16. O-O Bxc3
17. bxc3 Ke7 18. Be4 Rxh8 19. f4 Qg7 20. Qd4 Rc8 21. Rce1 Nxc5 22. f5 Nxe4 23.
Qxe4 exf5 24. Rxf5 Ke8 25. Ref1 Nf4 26. Rf8+ Qxf8 {0-1 Van Wely,L-Borst,J/
Antwerp op 1995}) 15... Nxc3 16. Bh5+ Kf8 17. Qd6+ Kg8 18. Qxe6+ Kxh8 19. Qe8+
Qg8 20. Qxg8+ Kxg8 21. bxc3 Bxc5 $15 {Timoshchenko-Kozlov, Tashkent 1982}) 14.
Be2 Nxe5 (14... Bb7 15. Bh5+ Kd8 16. O-O Bxc3 17. Rxc3 Kc7 18. Ng6 Qe4 19. Rg3
Nxc5 20. Bf3 Qf5 21. Qd4 Kb6 22. b4 cxb3 23. axb3 Qc2 24. Bxd5 Rd8 25. Nf4 Bxd5
26. Rc3 {1-0 Smyslov,V-Ragozin,V/URS-ch15 1947}) 15. O-O Bb7 (15... Bxc3 16.
Rxc3 Nxc3 17. Bh5+ Kf8 18. Qd6+ Kg8 19. Qxe5 Nd5 20. Bf7+ Kh7 21. Bxe6 Bxe6 22.
Qxe6 {Nemet,I-Karaklajic,N/JUG-ch/1979/1-0 (38)}) 16. Bh5+ $6 {This line has a
dubious reputation for black, but white must play in a forceful and exact way.}
(16. Nxb5 $5 Bxc5 (16... O-O-O 17. Nd6+ Kb8 18. Nhf7 Nxf7 19. Nxf7 Rg8 20. Bf3
$16) 17. Ng6 $1 Nxg6 18. Rxc4 Ndf4 19. Rxc5 Rd8 (19... Bxg2 20. Nc7+ Kf7 21.
Nxa8 Bxa8 22. Bf3 $18) 20. Nd6+ Rxd6 (20... Kf8 21. Nxb7 Rxd1 22. Bxd1 $18) 21.
Bb5+ Kf7 22. Qxd6 $18 {1-0 Nielsen,P-Sveshnikov,E/Kemerovo1 1995 (25)}) 16...
Ke7 17. Nxd5+ (17. Ng6+ Nxg6 18. Bxg6 Rg8 19. Re1 (19. Nxd5+ Bxd5 20. Qc2 Qg4
21. f3 Bxc5+ 22. Kh1 Qxg6 $19) 19... Bxc3 20. Re4 Qf6 $17) 17... Bxd5 18. f4 (
18. Qe2 $2 Rg8 $1 19. g3 Qh3 20. f3 Bxc5+ 21. Kh1 Qxh5 $19) 18... Bxc5+ 19. Kh1
Rg8 $1 20. Rc2 (20. Bf3 Nxf3 21. Rxf3 Rxh8 $19) 20... Nd3 $1 {[%mdl 512] The
sacrifice of two exchanges makes a great impression, especially black's bishop
pair is a dominating force.} (20... Rxh8 $2 21. fxe5 $18) 21. Ng6+ $8 Rxg6 22.
Bxg6 Nxf4 23. Rxf4 (23. Bh7 Qg5 24. Rf3 Nxg2 $1 25. Qe2 (25. Rxg2 Bxf3 26. Qxf3
Qc1+ $19) 25... Nh4 $19) 23... Qxf4 24. Bh5 $2 (24. Qe1 b4 $15) 24... Be4 $1
25. Rc3 (25. Re2 Bd3 26. Re1 Bb4 $17) (25. Rd2 Bd6 26. Rxd6 Qxd6 $19) 25... Bd4
26. Rg3 (26. Qxd4 $2 Qf1+ 27. Qg1 Bxg2#) (26. Ra3 b4 27. Rg3 (27. Ra4 Qf2 28.
Bf3 Bc2 $19) 27... Bxb2 $17) 26... Bxb2 27. Rg8 Qc1 $1 {[%mdl 4096] This move
puts the centralized black king into safety, without queens the c4 pawns gains
a special importance.} (27... Bd3 28. Re8+ Kd7 29. Ra8 $132) 28. Rg7+ (28. Re8+
Kf6 29. Qxc1 Bxc1 30. Bg4 Bd5 31. Rb8 c3 32. Rxb5 Be3 33. Bd1 Bxa2 $17) 28...
Kf6 29. Rxa7 c3 $1 (29... Qxd1+ 30. Bxd1 c3 31. Rc7 $15) 30. Qxc1 Bxc1 31. Bd1
(31. Rc7 c2 32. Bf3 Bh7 33. Be2 Bf4 $19) 31... Bf4 (31... c2 $2 32. Bxc2 $1
Bxc2 33. Rc7 Bb1 34. Rxc1 Bxa2 $11) 32. Ra5 c2 (32... b4 33. Rc5 $13) 33. Bxc2
Bxc2 34. Rxb5 e5 {The bishops will now have to slow the run of a pawn and push
the march of own favourite on the e file.} 35. Rb2 Bd3 36. g3 (36. a4 e4 37. g3
Be5 $17) 36... Be3 37. Kg2 (37. a4 $2 Be4+ $19) 37... e4 38. a4 Bd4 39. Ra2 (
39. Rb4 Ke5 $17) 39... Ke5 40. a5 Bc4 41. Ra4 (41. Ra3 e3 42. a6 e2 $19) 41...
Ba6 42. Ra2 Bc3 (42... e3 $2 43. Kf3 e2 44. Rxe2+ Bxe2+ 45. Kxe2 $11) 43. Ra4 (
43. Kf2 Kd4 $1 44. Ra4+ Kd3 $19) 43... Bd2 44. Kf2 Bb5 (44... e3+ 45. Kf3 Bd3 (
45... e2 $2 46. Re4+) 46. a6 e2 $19) 45. Ra3 Kd4 (45... Kd4 46. Ra2 e3+ (46...
Kd3 47. Ra3+ Bc3 48. Rxc3+ Kxc3 49. Ke3) 47. Kf3 Bd3 $1 (47... Bc4 $6 48. Ra4)
48. Ra4+ (48. a6 e2 $19) 48... Kc5 49. Ra1 e2 50. Kf2 h5 $19) 0-1

[Event "Olympiad-43"]
[Site "Batumi"]
[Date "2018.10.04"]
[Round "10.3"]
[White "Melkumyan, Hrant"]
[Black "Shankland, Samuel L"]
[Result "0-1"]
[WhiteElo "2660"]
[BlackElo "2722"]
[Annotator "Ganguly, Surya Sekhar "]
[PlyCount "74"]
[EventDate "2018.09.24"]
[EventType "team-swiss"]
[EventRounds "11"]
[EventCountry "GEO"]
[SourceTitle "CBM 187"]
[Source "ChessBase"]
[SourceDate "2018.12.11"]
[SourceVersion "1"]
[SourceVersionDate "2018.12.11"]
[SourceQuality "1"]
[WhiteTeam "Armenia"]
[BlackTeam "US of America"]
[WhiteTeamCountry "ARM"]
[BlackTeamCountry "USA"]

1. d4 d5 2. Nf3 Nf6 3. c4 e6 4. Nc3 c6 5. Bg5 dxc4 6. e4 b5 {The Botvinnik
system is one of the most over analysed openings in chess where often modern
theory starts with some endgame and opening preparation finishes with a
tablebase draw.} 7. e5 h6 8. Bh4 g5 9. Nxg5 hxg5 10. Bxg5 Be7 {This is however
not as popular as the main move 10...Nbd7 but nevertheless here too theory is
incredibly deep and concrete.} 11. exf6 Bxf6 12. Bxf6 Qxf6 13. g3 Bb7 14. Bg2
Na6 15. Ne4 (15. Nxb5 {is not that popular anymore} O-O-O 16. Qa4 (16. Nxa7+
Kb8 17. Nxc6+ Bxc6 18. Bxc6 Nb4 {Black gets enough counterplay.}) 16... cxb5
17. Bxb7+ Kxb7 18. Qxb5+ Ka8 19. Qc6+ Kb8 {is a well-known draw which has
occurred a number of times in tournament games.}) 15... Qe7 16. O-O O-O-O 17.
h4 c5 18. a4 Rxd4 19. Qe2 b4 20. Rac1 $146 {Whether Hrant knew exactly what he
was doing or he mixed up his preparation is not clear. He played this move
rather fast but it didn't pose any challenge for Sam who for the first time
started to think after this harmless novelty.} (20. Rad1 Qc7 21. Ng5 (21. Rc1 {
was played by Matlakov against Sandipan and here Black had a strong move...}
Qc6 $1 $17 {[%csl Rg2][%cal Gf7f5]}) 21... Bxg2 22. Kxg2 Qc6+ 23. f3 f6 24.
Qxe6+ Qxe6 25. Nxe6 Rxd1 26. Rxd1 b3 27. Rc1 Re8 28. Nf4 Rd8 29. Rxc4 Rd2+ {
Will be a typical starting position in the Botvinnik System which will be
mapped out until a draw!}) (20. Rfd1 Bd5 21. Ng5 Re8 22. Rxd4 cxd4 23. Bxd5
exd5 24. Qg4+ Kb8 (24... f5 25. Qxd4 Nc7 26. Kg2 a5 {is also fine for Black})
25. Qxd4 Qe5 26. Qd2 Qf5 {½-½ (31) Yu,Y (2738)-Wen,Y (2614) China 2016})
20... Bd5 {Sam played the most logical move which is also by far the strongest.
} 21. Rfd1 Rxd1+ 22. Rxd1 Rd8 $132 {Black has solved all his opening problems}
23. Rc1 Nb8 $1 {Getting the knight to where it belongs.} 24. Qe3 (24. Rxc4 $6
Bxc4 25. Qxc4 Rd4 $17) (24. Nd2 Qb7 25. Bf1 Nc6 26. Qe3 Nd4 $132) 24... Nc6 25.
Nxc5 Qf6 26. b3 $2 {It is very easy to switch on the engine and criticise
White for not playing the apparently 'simple' Bf1 but once we use the human
mind instead of staring at our engines we will see immediately how difficult
things could appear on the board and why this so called easy Bf1 was not
played :) There are two moves which keep the balance (Bf1 and a5!) and I felt
neither was easy to justify to a logical human mind.} (26. Bf1 $1 Nd4 {Let's
turn the engine off and think if White would be happy to allow a check on f3!}
(26... Qxb2 27. Bxc4) 27. Bxc4 (27. Bg2 {The computer's way to defend the
b2-pawn but this is really not how a sane person would think. To allow a free
Nd4 tempo in order to save the b2-pawn.}) (27. Ne4 {also didn't look fun either
} Nf3+ 28. Kh1 {It turns out White holds somehow.} Qf5 (28... Nd2 29. Qc5+ Kb8
30. Qb5+ $11) 29. Bg2 Bxe4 30. Rxc4+ Kb8 31. Rxb4+ Kc7 32. Rc4+ $11) 27... Nf3+
28. Kg2 {Easy to play in advanced chess but in a tournament game and specially
in a team event it may look a bit different.} Nxh4+ 29. Kg1 Nf3+ 30. Kg2 $11) (
26. a5 $1 {Now this was the other move with which White could save the pawn.
Had Hrant played this move he would have probably taken away for a through
search to see if he had some computer chip implanted. As bizarre as it may
sound the idea of this move is to stop Kb6 :)} Qxb2 27. Bxd5 exd5 28. Qh6 Kc7
29. Na6+ {[%csl Ga5] The point of a5!} Kb7 30. Nc5+ $11) (26. Rd1 {This would
make sense but unfortunately this is not enough for equality.} Qe5 (26... Qxb2
27. Bxd5 Rxd5 (27... exd5 28. Qf3) 28. Rxd5 exd5 29. Qe8+ Kc7 30. Qxf7+ $13)
27. Qxe5 Nxe5 28. f4 Nc6 $15) 26... c3 27. Qe2 {[%cal Ge2a6] Now it does look
tempting to get this. This is what must have attracted Hrant to play b3. Now
the queen is coming to attack by force. Unfotunately for Hrant Black can
simply ignore the attack.} Qd4 $3 {Sam remains ice cool and rightly judges
that his king will be ultra-safe right in the centre!} 28. Qb5 (28. Qa6+ Kc7
29. Qb7+ Kd6 {[%csl Gd6]} 30. Na6 Qb6 $19) 28... Kc7 (28... Rd6 {also suffice
to win.}) 29. Na6+ Kd6 30. Bxd5 exd5 (30... Qxd5 31. Qe2 Ke7 $19 {was simpler
perhaps}) 31. a5 (31. Qb7 Qb6) 31... Re8 32. Qb7 Re7 33. Qc8 Qd2 $1 34. Nb8
Qxc1+ 35. Kg2 Nxb8 36. Qxb8+ Kc5 37. Qc8+ Kd4 {A very clean and nice game by
Sam who helped the US to keep their chance for Olympiad gold alive.} 0-1